000 00652nam a2200241Ia 4500
003 OSt
005 20221005132659.0
006 a|||||r|||| 00| 0
007 ta
008 221004b |||||||| |||| 00| 0 eng d
024 _a75582
037 _cTextual
040 _aCRL
_cCRL
_beng
041 _2eng
_aeng
082 _a234.7252, K9
100 _aStubbs B Stuart Ed.
_9641480
245 0 _aUniversity of British Columbia the Library
_b A Plan for future services
260 _c1969
300 _a58p.
_ccm.
650 _aLIBRARY SCIENCE
942 _h234.7252, K9
_cTEXL
_2cc
999 _c1064485
_d1064485